Elvált szülők gyerekeinek családról alkotott képe

Bibliographic Details
Main Author: Orsós Krisztina
Other Authors: Szabóné Nagy Judit
Format: Thesis
Kulcsszavak:Család
Válás
Válási árvák
Online Access:http://dolgozattar.uni-bge.hu/2215

MARC

LEADER 00000nta a2200000 i 4500
001 dolg2215
005 20210325152951.0
008 160323suuuu hu om 000 hun d
040 |a BGE Dolgozattár Repozitórium  |b hun 
041 |a hu 
100 1 |a Orsós Krisztina 
245 1 0 |a Elvált szülők gyerekeinek családról alkotott képe  |c Orsós Krisztina  |h [elektronikus dokumentum] 
246 1 1 |a Elvált szülők gyerekeinek családról alkotott képe 
695 |a Család 
695 |a Válás 
695 |a Válási árvák 
700 1 |a Szabóné Nagy Judit  |e ths 
856 4 0 |u http://dolgozattar.uni-bge.hu/2215/1/Szakdolgozat.pdf  |z Dokumentum-elérés